| 000 | 00508nam a2200169Ia 4500 | ||
|---|---|---|---|
| 003 | GCL | ||
| 008 | 140319s9999 xx 000 0 eng d | ||
| 040 |
_aGCL / _cGCL |
||
| 082 | 0 | 4 |
_a428.24 _bH I |
| 245 | 1 | 0 | _aINTERCHANGE: ENGLISH FOR INTERNATIONAL COMMUNICATION ( TEACHERS MANUAL,STUDENT BOOK ) |
| 260 |
_a[S.N] : _bMacmillan Publishing Company ، _c1993 |
||
| 300 | _a2 Vols. | ||
| 650 | 0 | 4 | _aCOMMUNICATIONS |
| 650 | 0 | 4 | _aINTERNATIONAL COMMUNICATION |
| 650 | 0 | 4 | _aCOMMUNICATIONS SYSTEM |
| 942 |
_2ddc _cBK |
||
| 999 |
_c19157 _d19157 |
||